000 00619nam a22001817a 4500
003 CEME
005 20210628204151.0
008 210113b xxu||||| |||| 00| 0 eng d
020 _a9780231150026
040 _cceme
082 _a304.60917 COU
100 _aCourbage, Youssef , Todd, Emmanuel
_969072
245 _aA convergence of civilizations , the transformation of muslim societies around the world
260 _aNEW YORK
_bCOLUMBIA
_c2007
300 _aXV, 134P
650 _aA CONVERGENCE OF CIVILIZATIONS.MUSLIM SOCIETIES AROUND THE WORLD.ISLAMIC COUNTRIES-POPULATION.DEMOGRAPHY.
_969073
942 _cBK
_2ddc
999 _c576484
_d576484